000 00413nam a22001697a 4500
003 NUST - PNEC
005 20170116180852.0
008 150826b xxu||||| |||| 00| 0 eng d
020 _a-
040 _cLIBRARY
082 _a541.3 GLA
100 _95781
_aGlasstone, Samuel
245 _aTextbook of physical chemistry
_cSamuel Glasstone
260 _c1964
650 _95783
_aChemistry
_xME
942 _2ddc
_cBK
999 _c64670
_d64670